BUBT Library Online Catalog

Outlines of Muhammadan Law : (Record no. 2459)

000 -LEADER
fixed length control field 00633nam a2200241Ia 4500
003 - CONTROL NUMBER IDENTIFIER
control field BUBTL
008 - FIXED-LENGTH DATA ELEMENTS--GENERAL INFORMATION
fixed length control field 151213s9999 xx 000 0 und d
020 ## - INTERNATIONAL STANDARD BOOK NUMBER
International Standard Book Number 0195603753
041 ## - LANGUAGE CODE
Language code of text/sound track or separate title English
082 ## - DEWEY DECIMAL CLASSIFICATION NUMBER
Classification number 340.59/ F999o/ 1974
100 ## - MAIN ENTRY--PERSONAL NAME
Personal name Fyzee, Asaf A. A.
9 (RLIN) 4511
245 ## - TITLE STATEMENT
Title Outlines of Muhammadan Law :
Statement of responsibility, etc. Asaf A. A. Fyzee
250 ## - EDITION STATEMENT
Edition statement 4th ed.
260 ## - PUBLICATION, DISTRIBUTION, ETC. (IMPRINT)
Place of publication, distribution, etc. Delhi
Name of publisher, distributor, etc. Oxford University
Date of publication, distribution, etc. c1974
300 ## - PHYSICAL DESCRIPTION
Extent [xix], 520p. :
Other physical details 21cm
500 ## - GENERAL NOTE
General note Includes Index
526 ## - STUDY PROGRAM INFORMATION NOTE
Program name Law
650 ## - SUBJECT ADDED ENTRY--TOPICAL TERM
Topical term or geographic name as entry element Law
700 ## - ADDED ENTRY--PERSONAL NAME
Personal name Asaf A. A.Fyzee
9 (RLIN) 4512
856 ## - ELECTRONIC LOCATION AND ACCESS
Password 0
Logon 0
Link text Download
942 ## - ADDED ENTRY ELEMENTS (KOHA)
Source of classification or shelving scheme
Koha item type Books
Holdings
Withdrawn status Lost status Source of classification or shelving scheme Damaged status Not for loan Collection code Permanent location Current location Shelving location Date acquired Source of acquisition Inventory number Total Checkouts Full call number Barcode Date last seen Copy number Price effective from Koha item type
        Not For Loan Non-fiction Bangladesh University of Business and Technology Library Bangladesh University of Business and Technology Library Law Stacks 02/22/2007 Purchase 3525   340.59/ F999o/ 1974 BUBTL-20033525 01/31/2022 C-1 01/31/2022 Books
        Not For Loan Non-fiction Bangladesh University of Business and Technology Library Bangladesh University of Business and Technology Library Law Stacks 02/22/2007 Purchase 3584   340.59/ F999o/ 1974 BUBTL-20033584 01/31/2022 C-2 01/31/2022 Books
          Non-fiction Bangladesh University of Business and Technology Library Bangladesh University of Business and Technology Library Law Stacks 02/22/2007 Purchase 3599   340.59/ F999o/ 1974 BUBTL-20033599 01/31/2022 C-3 01/31/2022 Books
        Not For Loan Non-fiction Bangladesh University of Business and Technology Library Bangladesh University of Business and Technology Library Law Stacks 02/22/2007 Purchase 14559   340.59/ F999o/ 1974 BUBTL-200314559 01/31/2022 C-4 01/31/2022 Books
          Non-fiction Bangladesh University of Business and Technology Library Bangladesh University of Business and Technology Library Law Stacks 02/22/2007 Purchase 14560   340.59/ F999o/ 1974 BUBTL-200314560 01/31/2022 C-5 01/31/2022 Books
          Non-fiction Bangladesh University of Business and Technology Library Bangladesh University of Business and Technology Library Law Stacks 02/22/2007 Purchase 14561   340.59/ F999o/ 1974 BUBTL-200314561 01/31/2022 C-6 01/31/2022 Books
          Non-fiction Bangladesh University of Business and Technology Library Bangladesh University of Business and Technology Library Law Stacks 02/22/2007 Purchase 14562   340.59/ F999o/ 1974 BUBTL-200314562 01/31/2022 C-7 01/31/2022 Books
        Not For Loan Non-fiction Bangladesh University of Business and Technology Library Bangladesh University of Business and Technology Library Law Stacks 02/22/2007 Purchase 14563   340.59/ F999o/ 1974 BUBTL-200314563 01/31/2022 C-8 01/31/2022 Books
        Not For Loan Non-fiction Bangladesh University of Business and Technology Library Bangladesh University of Business and Technology Library Law Stacks 07/13/2019 Purchase 25692   340.59/ F999o/ 1974 BUBTL-200325692 07/14/2023 C-9 07/14/2023 Books
          Non-fiction Bangladesh University of Business and Technology Library Bangladesh University of Business and Technology Library Law Stacks 07/18/2023 Purchase 3526   340.59/ F999o/ 1974 BUBTL-20033526 07/18/2023 C-1 07/18/2023 Books

More Information About Library

Library Hours

  • Open: 9.00 am. to 9.00 pm.
  • Only Sunday: 9.00 am. to 6.00 pm.
  • Closed: Holiday

Contact to the University

Bangladesh University of Business and Technology Library

  • Mirpurl-2, 1216.
  • Phone:
  • Fax:
  • E-Mail: admin.library@bubt.edu.bd

Contact to the Library

Contact Person:

Md. Abdul Hakim Shah
Joint Librarian
PABX No:  113
Cell No: 01816332931
E-mail: official: admin.library@bubt.edu.bd
Personal: hakim.shah@bubt.edu.bd


BUBT Library

Copyright © 2021